| 000 | 00727nam a22002297a 4500 | ||
|---|---|---|---|
| 005 | 20170124110018.0 | ||
| 010 | _aA-473220 | ||
| 020 |
_c00.00 _a8185535078 |
||
| 035 | _aA-473220 | ||
| 037 | _bCen Lib/Ret | ||
| 040 |
_aDPL _bEN |
||
| 082 |
_a332.3 _bTRI |
||
| 100 |
_aTripathi, Asha Ram _919042 |
||
| 245 |
_aBank financing of industries in India / _cby Asha Ram Tripathi |
||
| 260 |
_aDelhi _bTiwari Publications _c1991 |
||
| 270 |
_aH-41/11-A, Jai Prakash Nagar, Ghonda _bDelhi _e110053 |
||
| 300 |
_axx,232p. : _c19cm(Hb) _bill. |
||
| 500 | _aIncludes bibliographical references. | ||
| 650 |
_aCommercial credit _919043 |
||
| 650 |
_aCorporations --Finance _913731 |
||
| 942 |
_2ddc _cEN _h332.3 _mTRI |
||
| 999 |
_c126981 _d126981 |
||